Valjutno-finansovyj krizis i meždunarodnoje pravo
Salvato in:
| Autore principale: | |
|---|---|
| Natura: | Libro |
| Lingua: | russo |
| Pubblicazione: |
Moskva
Meždunarodnoje otnošenija
1982
|
| Tags: |
Nessun Tag, puoi essere il primo ad aggiungerne!!
|
MARC
| LEADER | 00000nam a2200000 4500 | ||
|---|---|---|---|
| 001 | c132622 | ||
| 005 | 20041019155255.7 | ||
| 041 | 0 | |a rus | |
| 044 | |a RU | ||
| 245 | 1 | 0 | |a Valjutno-finansovyj krizis i meždunarodnoje pravo |c Jevgenij Aleksandrovič Vasil'jev |
| 264 | 1 | |a Moskva |b Meždunarodnoje otnošenija |c 1982 | |
| 300 | |a 173 s. | ||
| 100 | 1 | |a Vasil'jev, Jevgenij Aleksandrovič | |